| 000 | 00795nam a22002177a 4500 | ||
|---|---|---|---|
| 003 | BD-DhUL | ||
| 005 | 20170517173743.0 | ||
| 008 | 161019s1998 bg a|||| |||| 00| 0 ben d | ||
| 020 | _a8185696535 | ||
| 040 |
_aBD-DhUL _cBD-DhUL |
||
| 082 |
_a954.92 _bHAD |
||
| 100 | 1 | _aহাফিজ, আসাদ বিন | |
| 245 | 0 |
_aডান-বাম রাজনীতি ও ভাষা আন্দোলনের ইতিহাস / _cহাফিজ, আসাদ বিন |
|
| 250 | _a২য় সংস্করণ | ||
| 260 |
_aঢাকা : _bপ্রীতি, _c১৯৯৮ । |
||
| 300 |
_a১১৯ পৃ. ; _c২২ সেমি. । |
||
| 365 |
_aBDT _b120.00 |
||
| 650 | _2মুজতবা আলী, সৈয়দ | ||
| 650 | _aMujtaba Ali, Syed | ||
| 942 |
_2ddc _cBK |
||
| 999 |
_c198965 _d198965 |
||